200k+ First-Level Subdivisions of Africa on a Map - Statistics

General Stats
  • This quiz has been taken 12 times
    9 since last reset
  • The average score is 65 of 732
Answers on the Map
Answers color-coded by a green-red scale on the quiz's map according to % correct below.
 
Answer Stats
Country Type Subdivision % Correct
Egypt 2023 E Governorate Alexandria
100%
Egypt 2023 E Governorate Cairo
100%
Ethiopia 2022 P Region Somali
83%
Somalia 2019 Cal State Somaliland
83%
Libya 2020 E District Tripoli
83%
Sierra Leone 2021 C Area Western
83%
Ethiopia 2022 P City Addis Ababa
67%
Algeria 2008 C Province Algiers
67%
Spain 2023 Eva Community Canary Islands
67%
Morocco 2023 P Region Casablanca-Settat
67%
Tanzania 2022 C Region Dar es Salaam
67%
Morocco 2023 P Region Fès-Meknès
67%
Nigeria 2022 P State Lagos
67%
Kenya 2023 P County Nairobi
67%
Morocco 2023 P Region Rabat-Salé-Kénitra
67%
Tunisia 2023 E Governorate Tunis
67%
Cameroon 2015 P Region West
67%
Gambia 2020 P City West Coast
67%
Ghana 2021 C Region Western
67%
Rwanda 2022 C Province Western
67%
Zambia 2022 C Province Western
67%
Comoros 2017 C Island Anjouan
50%
Egypt 2023 E Governorate Aswan
50%
Mali 2022 C District Bamako
50%
Central African Republic 2021 E Prefecture Bangui
50%
Gambia 2020 P City Banjul
50%
Guinea-Bissau 2009 C Sector Bissau
50%
Republic of the Congo 2023 C Department Brazzaville
50%
Botswana 2022 C District Central
50%
Eritrea 2012 P Region Central
50%
Ghana 2021 C Region Central
50%
Malawi 2023 P Region Central
50%
Zambia 2022 C Province Central
50%
Togo 2022 C Region Centrale
50%
Burkina Faso 2024 P Region Centre
50%
Cameroon 2015 P Region Centre
50%
Guinea 2014 C Region Conakry
50%
Senegal 2023 C Regions Dakar
50%
Djibouti 2019 P Region Djibouti
50%
Tanzania 2022 C Region Dodoma
50%
Cameroon 2015 P Region East
50%
Ghana 2021 C Region Eastern
50%
Rwanda 2022 C Province Eastern
50%
Sierra Leone 2021 C Province Eastern
50%
Zambia 2022 C Province Eastern
50%
Burkina Faso 2024 P Region Est
50%
Nigeria 2022 P Territory Federal Capital Territory
50%
Ghana 2021 C Region Greater Accra
50%
Zimbabwe 2022 C Province Harare
50%
Somalia 2019 Cal State Jubaland
50%
Nigeria 2022 P State Kano
50%
Sudan 2018 P State Khartoum
50%
Democratic Republic of the Congo 2020 P Province Kinshasa
50%
Ivory Coast 2021 C Region La Mé
50%
Angola 2022 P Province Luanda
50%
Egypt 2023 E Governorate Luxor
50%
Mozambique 2023 P City Maputo
50%
Mozambique 2023 P Province Maputo
50%
Lesotho 2023 P District Maseru
50%
South Africa 2022 C Province Mpumalanga
50%
Burkina Faso 2024 P Region Nord
50%
Cameroon 2015 P Region North
50%
Gambia 2020 P City North Bank
50%
Ghana 2021 C Region Northern
50%
Malawi 2023 P Region Northern
50%
Rwanda 2022 C Province Northern
50%
Sierra Leone 2021 C Province Northern
50%
Sudan 2018 P State Northern
50%
Zambia 2022 C Province Northern
50%
Algeria 2008 C Province Oran
50%
Morocco 2023 P Region Oriental
50%
Cameroon 2015 P Region South
50%
Botswana 2022 C District Southern
50%
Eritrea 2012 P Region Southern
50%
Malawi 2023 P Region Southern
50%
Rwanda 2022 C Province Southern
50%
Sierra Leone 2021 C Province Southern
50%
Zambia 2022 C Province Southern
50%
Ethiopia 2022 P Region Southern Nations,Nationalities, and Peoples' Region
50%
Morocco 2023 P Region Tanger-Tetouan-Al Hoceima
50%
Ethiopia 2022 P Region Tigray
50%
Ivory Coast 2021 C District Abidjan
33%
Niger 2020 P Region Agadez
33%
Somalia 2019 Cal Region Banaadir
33%
Libya 2020 E District Benghazi
33%
South Africa 2022 C Province Eastern Cape
33%
Burundi 2008 C Province Gitega
33%
Egypt 2023 E Governorate Giza
33%
Comoros 2017 C Island Grande Comore
33%
Uganda 2020 P City Kampala
33%
Rwanda 2022 C Province Kigali
33%
Morocco 2023 P Region Laâyoune-SakiaEl Hamra
33%
Zambia 2022 C Province Lusaka
33%
Portugal 2021 C Region Madeira
33%
Morocco 2023 P Region Marrakesh-Safi
33%
Mauritius 2022 C Island Mauritius
33%
Niger 2020 P Region Niamey
33%
Nigeria 2022 P State Niger
33%
Sudan 2018 P State North Darfur
33%
Ghana 2021 C Region North East
33%
Cameroon 2015 P Region Northwest
33%
Sierra Leone 2021 C Province North West
33%
South Africa 2022 C Province North West
33%
Zambia 2022 C Province North-Western
33%
Egypt 2023 E Governorate Port Said
33%
Egypt 2023 E Governorate Red Sea
33%
Sudan 2018 P State Red Sea
33%
Sudan 2018 P State River Nile
33%
Botswana 2022 C District South-East
33%
Cameroon 2015 P Region Southwest
33%
Somalia 2019 Cal State South West
33%
Ethiopia 2022 P Region South West EthiopiaPeoples' Region
33%
Burkina Faso 2024 P Region Sud-Ouest
33%
Egypt 2023 E Governorate Suez
33%
South Africa 2022 C Province Western Cape
33%
Ghana 2021 C Region Western North
33%
Algeria 2008 C Province Adrar
17%
Algeria 2008 C Province Annaba
17%
Tanzania 2022 C Region Arusha
17%
Egypt 2023 E Governorate Asyut
17%
Algeria 2008 C Province Bouïra
17%
Burundi 2008 C Province Bujumbura Mairie
17%
Zimbabwe 2022 C Province Bulawayo
17%
Angola 2022 P Province Cabinda
17%
Algeria 2008 C Province Constantine
17%
Morocco 2023 P Region Dakhla-Oued Ed-Dahab
17%
Sudan 2018 P State East Darfur
17%
Algeria 2008 C Province El Oued
17%
Nigeria 2022 P State Enugu
17%
Egypt 2023 E Governorate Faiyum
17%
South Africa 2022 C Province Free State
17%
Botswana 2022 C City Gaborone
17%
Mali 2022 C Region Gao
17%
Kenya 2023 P County Garissa
17%
Angola 2022 P Province Huambo
17%
Nigeria 2022 P State Kaduna
17%
Chad 2019 P Province Kanem
17%
Tanzania 2022 C Region Mara
17%
France 2024 E Region Mayotte
17%
Tanzania 2022 C Region Mbeya
17%
Tanzania 2022 C Region Mjini Magharibi
17%
Kenya 2023 P County Mombasa
17%
Tanzania 2022 C Region Mtwara
17%
Tanzania 2022 C Region Mwanza
17%
Chad 2019 P Province N'Djamena
17%
South Africa 2022 C Province Northern Cape
17%
Democratic Republic of the Congo 2020 P Province North Kivu
17%
Republic of the Congo 2023 C Department Pointe-Noire
17%
Tanzania 2022 C Region Pwani
17%
France 2021 E Region Réunion
17%
Senegal 2023 C Regions Saint-Louis
17%
Tunisia 2023 E Governorate Sfax
17%
Nigeria 2022 P State Sokoto
17%
Sudan 2018 P State South Darfur
17%
Democratic Republic of the Congo 2020 P Province South Kivu
17%
Tanzania 2022 C Region Tanga
17%
Democratic Republic of the Congo 2020 P Province Tanganyika
17%
Senegal 2023 C Regions Thiès
17%
Algeria 2008 C Province Tlemcen
17%
Tanzania 2022 C Region Unguja North
17%
Sudan 2018 P State West Darfur
17%
Ivory Coast 2021 C District Yamoussoukro
17%
Nigeria 2022 P State Abia
0%
Cameroon 2015 P Region Adamawa
0%
Nigeria 2022 P State Adamawa
0%
Uganda 2020 P District Adjumani
0%
Ethiopia 2022 P Region Afar
0%
Uganda 2020 P District Agago
0%
Ivory Coast 2021 C Region Agnéby-Tiassa
0%
Ghana 2021 C Region Ahafo
0%
Algeria 2008 C Province Aïn Defla
0%
Algeria 2008 C Province Aïn Témouchent
0%
Nigeria 2022 P State Akwa Ibom
0%
Madagascar 2020 P Region Alaotra-Mangoro
0%
Uganda 2020 P District Alebtong
0%
Benin 2013 C Department Alibori
0%
Sudan 2018 P State Al Qadarif
0%
Libya 2020 E District Al Wahat
0%
Ethiopia 2022 P Region Amhara
0%
Madagascar 2020 P Region Amoron'i Mania
0%
Uganda 2020 P District Amuria
0%
Uganda 2020 P District Amuru
0%
Madagascar 2020 P Region Analamanga
0%
Madagascar 2020 P Region Analanjirofo
0%
Nigeria 2022 P State Anambra
0%
Madagascar 2020 P Region Androy
0%
Madagascar 2020 P Region Anosy
0%
Eritrea 2012 P Region Anseba
0%
Uganda 2020 P District Apac
0%
Tunisia 2023 E Governorate Ariana
0%
Uganda 2020 P District Arua
0%
Ghana 2021 C Region Ashanti
0%
Mauritania 2022 P Region Assaba
0%
Benin 2013 C Department Atakora
0%
Benin 2013 C Department Atlantique
0%
Madagascar 2020 P Region Atsimo-Andrefana
0%
Madagascar 2020 P Region Atsimo-Atsinanana
0%
Madagascar 2020 P Region Atsinanana
0%
Guinea-Bissau 2009 C Region Bafatá
0%
Ivory Coast 2021 C Region Bafing
0%
Ivory Coast 2021 C Region Bagoué
0%
Chad 2019 P Province Bahr el Gazel
0%
Kenya 2023 P County Baringo
0%
Central African Republic 2021 E Prefecture Basse-Kotto
0%
Democratic Republic of the Congo 2020 P Province Bas-Uélé
0%
Chad 2019 P Province Batha
0%
Algeria 2008 C Province Batna
0%
Nigeria 2022 P State Bauchi
0%
Nigeria 2022 P State Bayelsa
0%
Algeria 2008 C Province Béchar
0%
Egypt 2023 E Governorate Beheira
0%
Tunisia 2023 E Governorate Béja
0%
Algeria 2008 C Province Béjaïa
0%
Ivory Coast 2021 C Region Bélier
0%
Tunisia 2023 E Governorate Ben Arous
0%
Angola 2022 P Province Bengo
0%
Angola 2022 P Province Benguela
0%
Morocco 2023 P Region Béni Mellal-Khénifra
0%
Ethiopia 2022 P Region Benishangul-Gumuz
0%
Egypt 2023 E Governorate Beni Suef
0%
Nigeria 2022 P State Benue
0%
Ivory Coast 2021 C Region Béré
0%
Lesotho 2023 P District Berea
0%
Madagascar 2020 P Region Betsiboka
0%
Angola 2022 P Province Bié
0%
Equatorial Guinea 2015 C Provinces Bioko Norte
0%
Algeria 2008 C Province Biskra
0%
Tunisia 2023 E Governorate Bizerte
0%
Algeria 2008 C Province Blida
0%
Sudan 2018 P State Blue Nile
0%
Madagascar 2020 P Region Boeny
0%
Guinea 2014 C Region Boké
0%
Kenya 2023 P County Bomet
0%
Liberia 2022 C County Bong
0%
Madagascar 2020 P Region Bongolava
0%
Ghana 2021 C Region Bono
0%
Ghana 2021 C Region Bono East
0%
Algeria 2008 C Province Bordj Bou Arréridj
0%
Benin 2013 C Department Borgou
0%
Nigeria 2022 P State Borno
0%
Burkina Faso 2024 P Region Boucle du Mouhoun
0%
Republic of the Congo 2023 C Department Bouenza
0%
Algeria 2008 C Province Boumerdès
0%
Ivory Coast 2021 C Region Bounkani
0%
Mauritania 2022 P Region Brakna
0%
Burundi 2008 C Province Bubanza
0%
Uganda 2020 P District Budaka
0%
Uganda 2020 P District Bududa
0%
Uganda 2020 P District Bugiri
0%
Uganda 2020 P District Buikwe
0%
Burundi 2008 C Province Bujumbura Rural
0%
Uganda 2020 P District Bukedea
0%
Uganda 2020 P District Bulambuli
0%
Uganda 2020 P District Bundibugyo
0%
Kenya 2023 P County Bungoma
0%
Burundi 2008 C Province Bururi
0%
Uganda 2020 P District Bushenyi
0%
Kenya 2023 P County Busia
0%
Uganda 2020 P District Busia
0%
Uganda 2020 P District Butaleja
0%
Uganda 2020 P District Buyende
0%
Mozambique 2023 P Province Cabo Delgado
0%
Burundi 2008 C Province Cankuzo
0%
Burkina Faso 2024 P Region Cascades
0%
Ivory Coast 2021 C Region Cavally
0%
Sudan 2018 P State Central Darfur
0%
South Sudan 2017 P State Central Equatoria
0%
Gambia 2020 P City Central River
0%
Burkina Faso 2024 P Region Centre-Est
0%
Burkina Faso 2024 P Region Centre-Nord
0%
Burkina Faso 2024 P Region Centre-Ouest
0%
Burkina Faso 2024 P Region Centre-Sud
0%
Chad 2019 P Province Chari-Baguirmi
0%
Algeria 2008 C Province Chlef
0%
Burundi 2008 C Province Cibitoke
0%
Benin 2013 C Department Collines
0%
Zambia 2022 C Province Copperbelt
0%
Nigeria 2022 P State Cross River
0%
Angola 2022 P Province Cuando Cubango
0%
Angola 2022 P Province Cuanza Norte
0%
Angola 2022 P Province Cuanza Sul
0%
Angola 2022 P Province Cunene
0%
Republic of the Congo 2023 C Department Cuvette
0%
Egypt 2023 E Governorate Dakahlia
0%
Egypt 2023 E Governorate Damietta
0%
Nigeria 2022 P State Delta
0%
Libya 2020 E District Derna
0%
Madagascar 2020 P Region Diana
0%
Niger 2020 P Region Diffa
0%
Senegal 2023 C Regions Diourbel
0%
Ethiopia 2022 P City Dire Dawa
0%
Algeria 2008 C Province Djelfa
0%
Uganda 2020 P District Dokolo
0%
Benin 2013 C Department Donga
0%
Niger 2020 P Region Dosso
0%
Morocco 2023 P Region Drâa-Tafilalet
0%
South Sudan 2017 P State Eastern Equatoria
0%
Nigeria 2022 P State Ebonyi
0%
Nigeria 2022 P State Edo
0%
Nigeria 2022 P State Ekiti
0%
Algeria 2008 C Province El Bayadh
0%
Kenya 2023 P County Elgeyo-Marakwet
0%
Algeria 2008 C Province El Taref
0%
Kenya 2023 P County Embu
0%
Democratic Republic of the Congo 2020 P Province Équateur
0%
Namibia 2023 C Region Erongo
0%
Gabon 2020 P Province Estuaire
0%
Guinea 2014 C Region Faranah
0%
Cameroon 2015 P Region Far North
0%
Senegal 2023 C Regions Fatick
0%
Madagascar 2020 P Region Fitovinany
0%
Tunisia 2023 E Governorate Gabès
0%
Guinea-Bissau 2009 C Region Gabu
0%
Tunisia 2023 E Governorate Gafsa
0%
Somalia 2019 Cal State Galmudug
0%
Ethiopia 2022 P Region Gambela
0%
Eritrea 2012 P Region Gash-Barka
0%
South Africa 2022 C Province Gauteng
0%
Mozambique 2023 P Province Gaza
0%
Ivory Coast 2021 C Region Gbêkê
0%
Ivory Coast 2021 C Region Gbôklé
0%
Tanzania 2022 C Region Geita
0%
Sudan 2018 P State Gezira
0%
Egypt 2023 E Governorate Gharbia
0%
Algeria 2008 C Province Ghardaïa
0%
Ivory Coast 2021 C Region Gôh
0%
Nigeria 2022 P State Gombe
0%
Ivory Coast 2021 C Region Gontougo
0%
Mauritania 2022 P Region Gorgol
0%
Liberia 2022 C County Grand Bassa
0%
Liberia 2022 C County Grand Gedeh
0%
Ivory Coast 2021 C Region Grands-Ponts
0%
Algeria 2008 C Province Guelma
0%
Morocco 2023 P Region Guelmim-Oued Noun
0%
Ivory Coast 2021 C Region Guémon
0%
Chad 2019 P Province Guéra
0%
Mauritania 2022 P Region Guidimaka
0%
Uganda 2020 P District Gulu
0%
Chad 2019 P Province Hadjer-Lamis
0%
Ivory Coast 2021 C Region Hambol
0%
Ethiopia 2022 P Region Harari
0%
Madagascar 2020 P Region Haute Matsiatra
0%
Democratic Republic of the Congo 2020 P Province Haut-Katanga
0%
Democratic Republic of the Congo 2020 P Province Haut-Lomami
0%
Gabon 2020 P Province Haut-Ogooué
0%
Ivory Coast 2021 C Region Haut-Sassandra
0%
Burkina Faso 2024 P Region Hauts-Bassins
0%
Democratic Republic of the Congo 2020 P Province Haut-Uélé
0%
Eswatini 2024 P Region Hhohho
0%
Somalia 2019 Cal State Hirshabelle
0%
Mauritania 2022 P Region Hodh Ech Chargui
0%
Mauritania 2022 P Region Hodh El Gharbi
0%
Uganda 2020 P District Hoima
0%
Kenya 2023 P County Homa Bay
0%
Angola 2022 P Province Huíla
0%
Uganda 2020 P District Ibanda
0%
Ivory Coast 2021 C Region Iffou
0%
Uganda 2020 P District Iganga
0%
Madagascar 2020 P Region Ihorombe
0%
Nigeria 2022 P State Imo
0%
Ivory Coast 2021 C Region Indénié-Djuablin
0%
Mozambique 2023 P Province Inhambane
0%
Tanzania 2022 C Region Iringa
0%
Uganda 2020 P District Isingiro
0%
Kenya 2023 P County Isiolo
0%
Egypt 2023 E Governorate Ismailia
0%
Madagascar 2020 P Region Itasy
0%
Democratic Republic of the Congo 2020 P Province Ituri
0%
Libya 2020 E District Jabal al Akhdar
0%
Libya 2020 E District Jabal al Gharbi
0%
Libya 2020 E District Jafara
0%
Tunisia 2023 E Governorate Jendouba
0%
Nigeria 2022 P State Jigawa
0%
Algeria 2008 C Province Jijel
0%
Uganda 2020 P District Jinja
0%
South Sudan 2017 P State Jonglei
0%
Ivory Coast 2021 C Region Kabadougou
0%
Uganda 2020 P District Kabale
0%
Uganda 2020 P District Kabarole
0%
Senegal 2023 C Regions Kaffrine
0%
Egypt 2023 E Governorate Kafr El Sheikh
0%
Uganda 2020 P District Kagadi
0%
Tanzania 2022 C Region Kagera
0%
Tunisia 2023 E Governorate Kairouan
0%
Kenya 2023 P County Kajiado
0%
Kenya 2023 P County Kakamega
0%
Uganda 2020 P District Kakumiro
0%
Uganda 2020 P District Kaliro
0%
Uganda 2020 P District Kamuli
0%
Uganda 2020 P District Kamwenge
0%
Guinea 2014 C Region Kankan
0%
Uganda 2020 P District Kanungu
0%
Senegal 2023 C Regions Kaolack
0%
Togo 2022 C Region Kara
0%
Burundi 2008 C Province Karuzi
0%
Democratic Republic of the Congo 2020 P Province Kasaï
0%
Democratic Republic of the Congo 2020 P Province Kasaï-Central
0%
Democratic Republic of the Congo 2020 P Province Kasaï-Oriental
0%
Uganda 2020 P District Kasanda
0%
Uganda 2020 P District Kasese
0%
Sudan 2018 P State Kassala
0%
Tunisia 2023 E Governorate Kasserine
0%
Tanzania 2022 C Region Katavi
0%
Nigeria 2022 P State Katsina
0%
Namibia 2023 C Region Kavango East
0%
Burundi 2008 C Province Kayanza
0%
Mali 2022 C Region Kayes
0%
Uganda 2020 P District Kayunga
0%
Uganda 2020 P District Kazo
0%
Nigeria 2022 P State Kebbi
0%
Senegal 2023 C Regions Kédougou
0%
Tunisia 2023 E Governorate Kef
0%
Kenya 2023 P County Kericho
0%
Algeria 2008 C Province Khenchela
0%
Namibia 2023 C Region Khomas
0%
Kenya 2023 P County Kiambu
0%
Uganda 2020 P District Kibuku
0%
Tanzania 2022 C Region Kigoma
0%
Uganda 2020 P District Kikuube
0%
Kenya 2023 P County Kilifi
0%
Tanzania 2022 C Region Kilimanjaro
0%
Guinea 2014 C Region Kindia
0%
Kenya 2023 P County Kirinyaga
0%
Burundi 2008 C Province Kirundo
0%
Uganda 2020 P District Kiryandongo
0%
Kenya 2023 P County Kisii
0%
Uganda 2020 P District Kisoro
0%
Kenya 2023 P County Kisumu
0%
Uganda 2020 P District Kitgum
0%
Kenya 2023 P County Kitui
0%
Uganda 2020 P District Koboko
0%
Nigeria 2022 P State Kogi
0%
Senegal 2023 C Regions Kolda
0%
Uganda 2020 P District Kole
0%
Democratic Republic of the Congo 2020 P Province Kongo Central
0%
Uganda 2020 P District Kotido
0%
Benin 2013 C Department Kouffo
0%
Mali 2022 C Region Koulikoro
0%
Uganda 2020 P District Kumi
0%
Kenya 2023 P County Kwale
0%
Democratic Republic of the Congo 2020 P Province Kwango
0%
Uganda 2020 P District Kwania
0%
Nigeria 2022 P State Kwara
0%
South Africa 2022 C Province KwaZulu-Natal
0%
Botswana 2022 C District Kweneng
0%
Democratic Republic of the Congo 2020 P Province Kwilu
0%
Uganda 2020 P District Kyankwanzi
0%
Uganda 2020 P District Kyegegwa
0%
Uganda 2020 P District Kyenjojo
0%
Uganda 2020 P District Kyotera
0%
Guinea 2014 C Region Labé
0%
Chad 2019 P Province Lac
0%
Algeria 2008 C Province Laghouat
0%
Kenya 2023 P County Laikipia
0%
South Sudan 2017 P State Lakes
0%
Lesotho 2023 P District Leribe
0%
Republic of the Congo 2023 C Department Likouala
0%
Central African Republic 2021 E Prefecture Lim-Pendé
0%
South Africa 2022 C Province Limpopo
0%
Tanzania 2022 C Region Lindi
0%
Uganda 2020 P District Lira
0%
Equatorial Guinea 2015 C Provinces Litoral
0%
Benin 2013 C Department Littoral
0%
Cameroon 2015 P Region Littoral
0%
Central African Republic 2021 E Prefecture Lobaye
0%
Liberia 2022 C County Lofa
0%
Chad 2019 P Province Logone Occidental
0%
Chad 2019 P Province Logone Oriental
0%
Ivory Coast 2021 C Region Lôh-Djiboua
0%
Democratic Republic of the Congo 2020 P Province Lomami
0%
Senegal 2023 C Regions Louga
0%
Democratic Republic of the Congo 2020 P Province Lualaba
0%
Zambia 2022 C Province Luapula
0%
Eswatini 2024 P Region Lubombo
0%
Angola 2022 P Province Lunda Norte
0%
Angola 2022 P Province Lunda Sul
0%
Uganda 2020 P District Luuka
0%
Uganda 2020 P District Luweero
0%
Uganda 2020 P District Lwengo
0%
Kenya 2023 P County Machakos
0%
Tunisia 2023 E Governorate Mahdia
0%
Democratic Republic of the Congo 2020 P Province Mai-Ndombe
0%
Burundi 2008 C Province Makamba
0%
Kenya 2023 P County Makueni
0%
Angola 2022 P Province Malanje
0%
Central African Republic 2021 E Prefecture Mambéré
0%
Central African Republic 2021 E Prefecture Mambéré-Kadéï
0%
Guinea 2014 C Region Mamou
0%
Kenya 2023 P County Mandera
0%
Chad 2019 P Province Mandoul
0%
Mozambique 2023 P Province Manica
0%
Zimbabwe 2022 C Province Manicaland
0%
Democratic Republic of the Congo 2020 P Province Maniema
0%
Tunisia 2023 E Governorate Manouba
0%
Tanzania 2022 C Region Manyara
0%
Eswatini 2024 P Region Manzini
0%
Uganda 2020 P District Maracha
0%
Niger 2020 P Region Maradi
0%
Ivory Coast 2021 C Region Marahoué
0%
Liberia 2022 C County Margibi
0%
Togo 2022 C Region Maritime
0%
Libya 2020 E District Marj
0%
Kenya 2023 P County Marsabit
0%
Uganda 2020 P District Masaka
0%
Algeria 2008 C Province Mascara
0%
Zimbabwe 2022 C Province Mashonaland Central
0%
Zimbabwe 2022 C Province Mashonaland East
0%
Zimbabwe 2022 C Province Mashonaland West
0%
Uganda 2020 P District Masindi
0%
Zimbabwe 2022 C Province Masvingo
0%
Zimbabwe 2022 C Province Matabeleland North
0%
Zimbabwe 2022 C Province Matabeleland South
0%
Senegal 2023 C Regions Matam
0%
Egypt 2023 E Governorate Matrouh
0%
Chad 2019 P Province Mayo-Kebbi Est
0%
Chad 2019 P Province Mayo-Kebbi Ouest
0%
Uganda 2020 P District Mayuge
0%
Uganda 2020 P District Mbale
0%
Uganda 2020 P District Mbarara
0%
Central African Republic 2021 E Prefecture Mbomou
0%
Algeria 2008 C Province Médéa
0%
Tunisia 2023 E Governorate Medenine
0%
Madagascar 2020 P Region Melaky
0%
Madagascar 2020 P Region Menabe
0%
Mali 2022 C Region Ménaka
0%
Kenya 2023 P County Meru
0%
Zimbabwe 2022 C Province Midlands
0%
Kenya 2023 P County Migori
0%
Algeria 2008 C Province Mila
0%
Egypt 2023 E Governorate Minya
0%
Libya 2020 E District Misrata
0%
Uganda 2020 P District Mityana
0%
Tunisia 2023 E Governorate Monastir
0%
Democratic Republic of the Congo 2020 P Province Mongala
0%
Benin 2013 C Department Mono
0%
Liberia 2022 C County Montserrado
0%
Egypt 2023 E Governorate Monufia
0%
Mali 2022 C Region Mopti
0%
Tanzania 2022 C Region Morogoro
0%
Ivory Coast 2021 C Region Moronou
0%
Algeria 2008 C Province Mostaganem
0%
Angola 2022 P Province Moxico
0%
Chad 2019 P Province Moyen-Chari
0%
Uganda 2020 P District Mpigi
0%
Algeria 2008 C Province M'Sila
0%
Uganda 2020 P District Mubende
0%
Zambia 2022 C Province Muchinga
0%
Uganda 2020 P District Mukono
0%
Burundi 2008 C Province Muramvya
0%
Kenya 2023 P County Murang'a
0%
Libya 2020 E District Murqub
0%
Burundi 2008 C Province Muyinga
0%
Burundi 2008 C Province Mwaro
0%
Tunisia 2023 E Governorate Nabeul
0%
Uganda 2020 P District Nakaseke
0%
Uganda 2020 P District Nakasongola
0%
Kenya 2023 P County Nakuru
0%
Uganda 2020 P District Namayingo
0%
Angola 2022 P Province Namibe
0%
Uganda 2020 P District Namisindwa
0%
Mozambique 2023 P Province Nampula
0%
Uganda 2020 P District Namutumba
0%
Central African Republic 2021 E Prefecture Nana-Grébizi
0%
Central African Republic 2021 E Prefecture Nana-Mambéré
0%
Kenya 2023 P County Nandi
0%
Kenya 2023 P County Narok
0%
Nigeria 2022 P State Nasarawa
0%
Ivory Coast 2021 C Region Nawa
0%
Uganda 2020 P District Nebbi
0%
Egypt 2023 E Governorate New Valley
0%
Burundi 2008 C Province Ngozi
0%
Republic of the Congo 2023 C Department Niari
0%
Mozambique 2023 P Province Niassa
0%
Liberia 2022 C County Nimba
0%
Tanzania 2022 C Region Njombe
0%
Democratic Republic of the Congo 2020 P Province Nord-Ubangi
0%
South Sudan 2017 P State Northern Bahr el Ghazal
0%
Eritrea 2012 P Region Northern Red Sea
0%
Sudan 2018 P State North Kordofan
0%
Uganda 2020 P District Ntungamo
0%
Libya 2020 E District Nuqat al Khams
0%
Uganda 2020 P District Nwoya
0%
Kenya 2023 P County Nyamira
0%
Kenya 2023 P County Nyandarua
0%
Kenya 2023 P County Nyeri
0%
Guinea 2014 C Region Nzérékoré
0%
Ivory Coast 2021 C Region N'Zi
0%
Nigeria 2022 P State Ogun
0%
Namibia 2023 C Region Ohangwena
0%
Guinea-Bissau 2009 C Region Oio
0%
Central African Republic 2021 E Prefecture Ombella-M'Poko
0%
Namibia 2023 C Region Omusati
0%
Nigeria 2022 P State Ondo
0%
Ethiopia 2022 P Region Oromia
0%
Namibia 2023 C Region Oshana
0%
Namibia 2023 C Region Oshikoto
0%
Nigeria 2022 P State Osun
0%
Ghana 2021 C Region Oti
0%
Namibia 2023 C Region Otjozondjupa
0%
Chad 2019 P Province Ouaddaï
0%
Central African Republic 2021 E Prefecture Ouaka
0%
Algeria 2008 C Province Ouargla
0%
Benin 2013 C Department Ouémé
0%
Central African Republic 2021 E Prefecture Ouham
0%
Central African Republic 2021 E Prefecture Ouham-Fafa
0%
Central African Republic 2021 E Prefecture Ouham-Pendé
0%
Algeria 2008 C Province Oum El Bouaghi
0%
Uganda 2020 P District Oyam
0%
Nigeria 2022 P State Oyo
0%
Uganda 2020 P District Pallisa
0%
Tanzania 2022 C Region Pemba North
0%
Tanzania 2022 C Region Pemba South
0%
South Sudan 2017 P Area Pibor
0%
Benin 2013 C Department Plateau
0%
Nigeria 2022 P State Plateau
0%
Burkina Faso 2024 P Region Plateau-Central
0%
Republic of the Congo 2023 C Department Plateaux
0%
Togo 2022 C Region Plateaux
0%
Republic of the Congo 2023 C Department Pool
0%
Ivory Coast 2021 C Region Poro
0%
Somalia 2019 Cal State Puntland
0%
Egypt 2023 E Governorate Qalyubiyya
0%
Egypt 2023 E Governorate Qena
0%
Uganda 2020 P District Rakai
0%
Algeria 2008 C Province Relizane
0%
Nigeria 2022 P State Rivers
0%
Uganda 2020 P District Rubanda
0%
Uganda 2020 P District Rukungiri
0%
Tanzania 2022 C Region Rukwa
0%
Burundi 2008 C Province Rumonge
0%
Burundi 2008 C Province Rutana
0%
Tanzania 2022 C Region Ruvuma
0%
Burundi 2008 C Province Ruyigi
0%
Burkina Faso 2024 P Region Sahel
0%
Algeria 2008 C Province Saïda
0%
Chad 2019 P Province Salamat
0%
Kenya 2023 P County Samburu
0%
Republic of the Congo 2023 C Department Sangha
0%
Democratic Republic of the Congo 2020 P Province Sankuru
0%
Ivory Coast 2021 C Region San-Pédro
0%
Madagascar 2020 P Region Sava
0%
Togo 2022 C Region Savanes
0%
Ghana 2021 C Region Savannah
0%
Senegal 2023 C Regions Sédhiou
0%
Mali 2022 C Region Ségou
0%
Uganda 2020 P District Sembabule
0%
Sudan 2018 P State Sennar
0%
Uganda 2020 P District Serere
0%
Algeria 2008 C Province Sétif
0%
Egypt 2023 E Governorate Sharqia
0%
Uganda 2020 P District Sheema
0%
Tanzania 2022 C Region Shinyanga
0%
Eswatini 2024 P Region Shiselweni
0%
Kenya 2023 P County Siaya
0%
Ethiopia 2022 P Region Sidama
0%
Algeria 2008 C Province Sidi Bel Abbès
0%
Tunisia 2023 E Governorate Sidi Bouzid
0%
Mali 2022 C Region Sikasso
0%
Chad 2019 P Province Sila
0%
Tunisia 2023 E Governorate Siliana
0%
Tanzania 2022 C Region Simiyu
0%
Tanzania 2022 C Region Singida
0%
Uganda 2020 P District Sironko
0%
Algeria 2008 C Province Skikda
0%
Mozambique 2023 P Province Sofala
0%
Madagascar 2020 P Region Sofia
0%
Egypt 2023 E Governorate Sohag
0%
Tanzania 2022 C Region Songwe
0%
Uganda 2020 P District Soroti
0%
Algeria 2008 C Province Souk Ahras
0%
Tunisia 2023 E Governorate Sousse
0%
Morocco 2023 P Region Souss-Massa
0%
Sudan 2018 P State South Kordofan
0%
Ivory Coast 2021 C Region Sud-Comoé
0%
Democratic Republic of the Congo 2020 P Province Sud-Ubangi
0%
Tanzania 2022 C Region Tabora
0%
Niger 2020 P Region Tahoua
0%
Kenya 2023 P County Taita–Taveta
0%
Senegal 2023 C Regions Tambacounda
0%
Kenya 2023 P County Tana River
0%
Chad 2019 P Province Tandjilé
0%
Nigeria 2022 P State Taraba
0%
Ivory Coast 2021 C Region Tchologo
0%
Algeria 2008 C Province Tébessa
0%
Uganda 2020 P District Terego
0%
Mozambique 2023 P Province Tete
0%
Kenya 2023 P County Tharaka-Nithi
0%
Algeria 2008 C Province Tiaret
0%
Niger 2020 P Region Tillabéri
0%
Algeria 2008 C Province Tipaza
0%
Algeria 2008 C Province Tissemsilt
0%
Algeria 2008 C Province Tizi Ouzou
0%
Mali 2022 C Region Tombouctou
0%
Ivory Coast 2021 C Region Tonkpi
0%
Uganda 2020 P District Tororo
0%
Algeria 2008 C Province Touggourt
0%
Kenya 2023 P County Trans-Nzoia
0%
Mauritania 2022 P Region Trarza
0%
Democratic Republic of the Congo 2020 P Province Tshopo
0%
Democratic Republic of the Congo 2020 P Province Tshuapa
0%
Kenya 2023 P County Turkana
0%
Kenya 2023 P County Uasin Gishu
0%
Angola 2022 P Province Uíge
0%
South Sudan 2017 P State Unity
0%
Ghana 2021 C Region Upper East
0%
South Sudan 2017 P State Upper Nile
0%
Gambia 2020 P City Upper River
0%
Ghana 2021 C Region Upper West
0%
Madagascar 2020 P Region Vakinankaratra
0%
Madagascar 2020 P Region Vatovavy
0%
Kenya 2023 P County Vihiga
0%
Ghana 2021 C Region Volta
0%
Chad 2019 P Province Wadi Fira
0%
Kenya 2023 P County Wajir
0%
Uganda 2020 P District Wakiso
0%
South Sudan 2017 P State Warrap
0%
South Sudan 2017 P State Western Bahr el Ghazal
0%
South Sudan 2017 P State Western Equatoria
0%
Sudan 2018 P State West Kordofan
0%
Kenya 2023 P County West Pokot
0%
Sudan 2018 P State White Nile
0%
Ivory Coast 2021 C Region Worodougou
0%
Nigeria 2022 P State Yobe
0%
Uganda 2020 P District Yumbe
0%
Angola 2022 P Province Zaire
0%
Mozambique 2023 P Province Zambézia
0%
Nigeria 2022 P State Zamfara
0%
Libya 2020 E District Zawiya
0%
Senegal 2023 C Regions Ziguinchor
0%
Niger 2020 P Region Zinder
0%
Uganda 2020 P District Zombo
0%
Benin 2013 C Department Zou
0%
No matching quizzes found
Score Distribution
Percent of People with Each Score
Percentile by Number Answered
Your Score History
You have not taken this quiz since the last reset